| 000 | 00594nam a2200193 a 4500 | ||
|---|---|---|---|
| 005 | 20230524063741.0 | ||
| 008 | 991125s1971 es 000 0 spa u | ||
| 035 | _aUPN01000037016 | ||
| 049 | _aCG | ||
| 050 | 4 |
_aLB1589 E8.1 _bD4.4 |
|
| 100 | 1 |
_aDeschamps, María _930800 |
|
| 245 | 1 | 0 |
_aMatemática : _bfichas de trabajo 1o. / _cMaría Deschamps. |
| 260 |
_aBarcelona, Esp. : _bTeide, _c1971. |
||
| 300 |
_a107 p. : _bil. col. |
||
| 500 | _a"Educación general básica" | ||
| 500 | _a"Libro de ejercicios" | ||
| 650 | 4 |
_aMatemáticas _xEstudio y enseñanza (Elemental) _92809 |
|
| 905 | _aLibro | ||
| 999 |
_c37016 _d37016 |
||